000 00563nam a2200193Ia 4500
005 20260114185642.0
008 008 260114s9999 xx 000 0 eng d
020 _a9781474220231
037 _aEBOOK
040 _aCRL
_beng
_cCRL
041 _aeng
_2eng
084 _qCRL
100 _aDavid Smith
_9872704
245 0 _aWilliam Howe and the American War of Independence
260 _bBloomsbury
_c2015
856 _uhttps://doi.org/10.5040/9781474220231?locatt=label:secondary_bloomsburyCollections
942 _cEBOOK
999 _c1471652
_d1471652